000 00466nam a2200181Ia 4500
005 20250508150345.0
008 008 250505s9999 xx 000 0 hin d
037 _aTextual
040 _aFEDL
_beng
_cFEDL
041 _ahin
_2eng
084 _a954, BHA
_qFEDL
245 0 _aBharatversh ka itihas
250 _a3
260 _aKashi, India
_bGyan Mandal Karyalaye
_c1996
300 _a332p
942 _cTEXL
_h954, BHA
999 _c1323165
_d1323165